Spanish Verbs #24 - 3rd pers. plur. fut. - Statistics

General Stats
  • This quiz has been taken 12 times
  • The average score is 46 of 50
Answer Stats
Infinitive Fut. ellos/ellas/ustedes % Correct
agradecer agradecerán
100%
almorzar almorzarán
100%
caer caerán
100%
cerrar cerrarán
100%
comer comerán
100%
conducir conducirán
100%
conocer conocerán
100%
contar contarán
100%
crecer crecerán
100%
dirigir dirigirán
100%
dormir dormirán
100%
elegir elegirán
100%
empezar empezarán
100%
encontrar encontrarán
100%
entender entenderán
100%
estar estarán
100%
hablar hablarán
100%
ir irán
100%
jugar jugarán
100%
morir morirán
100%
oír oirán
100%
pedir pedirán
100%
pensar pensarán
100%
perder perderán
100%
poder podrán
100%
poner pondrán
100%
preferir preferirán
100%
proteger protegerán
100%
recoger recogerán
100%
reír reirán
100%
repetir repetirán
100%
seguir seguirán
100%
sentir sentirán
100%
ser serán
100%
servir servirán
100%
traducir traducirán
100%
traer traerán
100%
venir vendrán
100%
ver verán
100%
vivir vivirán
100%
volver volverán
100%
dar darán
67%
haber habrán
67%
querer querrán
67%
saber sabrán
67%
tener tendrán
67%
valer valdrán
67%
decir dirán
33%
hacer harán
33%
salir saldrán
33%
No matching quizzes found
Score Distribution
Percent of People with Each Score
Percentile by Number Answered
Your Score History
You have not taken this quiz